| 000 | nam a22 7a 4500 | ||
|---|---|---|---|
| 999 |
_c234991 _d234991 |
||
| 003 | Nust | ||
| 005 | 20170404120800.0 | ||
| 008 | 170404b xxu||||| |||| 00| 0 eng d | ||
| 040 | _c DLC | ||
| 082 | _a954.912 KAN | ||
| 100 | _aکنہیالال،پنڈت | ||
| 245 | _a 1857 تاریخ بغاوت ہند | ||
| 260 |
_aLahore : _bSang e meel Publisher, |
||
| 300 | _a272p. : | ||
| 942 |
_2ddc _cBK |
||